000 00964nmm a2200289 a 4500
001 ocm000702432
003 TR-IsHL
005 20201028123805.0
008 130902s2006 tu tur
007 cr cn
035 _a702432
_b(N$T)
050 0 4 _aKKX120
_b.Ö96 2006
090 0 4 _aKKX120
_b.Ö96 2006
100 1 _aÖzok, Özdemir
245 1 0 _aTürkiye Barolar Birliği başkanı av. Özdemir Özok'un 2006 - 2007 yargı yılı açılış konuşması, 6 Eylül 2006
_h[electronic resource] /
_cÖzdemir Özok
260 _aAnkara :
_bTürkiye Barolar Birliği,
_c2006
300 _a67 p.
650 4 _aHukuk
650 4 _aLaw
650 0 _aKonuşmalar, Hitabeler, vb.
650 0 _aSpeeches, Addresses, ext.
650 0 _aHukuk
_x Türkiye
650 0 _aLaw
_x Turkey
650 0 _aÖzok, Özdemir
650 7 _aLAW / General
_2bisacsh
856 4 0 _uhttp://search.ebscohost.com/login.aspx?direct=true&scope=site&db=e011xww&AN=702432
999 _c2598
_d2598